| 000 | 00669nam a22001577a 4500 | ||
|---|---|---|---|
| 020 | _a978-93-90391-24-0 | ||
| 082 |
_a823 _bAUS/P |
||
| 100 | _aAUSTEN, JANE | ||
| 245 | _aPRIDE AND PREJUDICE | ||
| 246 |
_aPRIDE AND PREJUDICE _bPRIDE AND PREJUDICE |
||
| 260 |
_bWONDER HOUSE _c2021 |
||
| 300 | _a240 | ||
| 520 | _aOn this date in 1813, Jane Austen published Pride and Prejudice, her most famous novel, and one of the greatest works of English literature. At its core, Pride and Prejudice tells the love story of Elizabeth Bennet and Mr. Darcy, both of whom have to overcome their biases in order to end up together.28 Jan 2015 | ||
| 650 | _aENGLISH STORY | ||
| 942 | _cBK | ||
| 999 |
_c9006 _d9006 |
||